000 00344nam a2200145 i 4500
001 bg
100 1 _aDJUR, M.
245 0 _aTeorija molekuljarnych orbitalej w organiceskoj chimii /
_cM. Djuar.
260 _aMoskva,
_c1972.
040 _cBPK
041 _apol
080 _a547.1
942 _cKS
008 s pl f |000 0 pol
999 _c14950
_d14950
856 _uhttp://koha.tu.koszalin.pl/cgi-bin/koha/opac-detail.pl?biblionumber=14950
_yKatalog online BPK